| Tag |
First Indicator |
Second Indicator |
Subfields |
| LEADER |
00000cam a22000008a 4500 |
| 001 |
in00000761521 |
| 005 |
20151016170720.0 |
| 008 |
880524s1989 ctua b 00100 eng |
| 010 |
|
|
|a 88012907
|
| 020 |
|
|
|a 0823661652 :
|c $60.00
|
| 035 |
|
|
|a (OCoLC)18070835
|
| 035 |
|
|
|9 ADJ8176AM
|
| 040 |
|
|
|a DNLM/DLC
|c DLC
|d TXA
|d UtOrBLW
|
| 049 |
|
|
|a TXAM
|c [A12697535]
|
| 050 |
0 |
0 |
|a RC455.4.L53
|b S77 1988
|
| 050 |
|
4 |
|a RC455.4.L53
|b S77 1989
|
| 060 |
|
0 |
|a W1 ST799K monograph 4
|a WM 172 S9159
|
| 082 |
0 |
|
|a 616.89/071
|2 19
|
| 245 |
0 |
0 |
|a Stressful life events /
|c [edited by] Thomas W. Miller.
|
| 263 |
|
|
|a 8812
|
| 264 |
|
1 |
|a Madison, Conn. :
|b International Universities Press,
|c 1989.
|
| 300 |
|
|
|a xxvi, 807 pages :
|b illustrations
|
| 336 |
|
|
|a text
|b txt
|2 rdacontent
|
| 337 |
|
|
|a unmediated
|b n
|2 rdamedia
|
| 338 |
|
|
|a volume
|b nc
|2 rdacarrier
|
| 490 |
1 |
|
|a Stress and health series ;
|v monograph 4
|
| 504 |
|
|
|a Includes bibliographies and indexes.
|
| 650 |
|
0 |
|a Life change events
|x Psychological aspects.
|
| 650 |
|
0 |
|a Stress (Psychology)
|
| 650 |
|
0 |
|a Medicine and psychology.
|
| 700 |
1 |
|
|a Miller, Thomas W.,
|d 1943-
|
| 830 |
|
0 |
|a Stress and health series ;
|v monograph 4.
|
| 999 |
|
|
|a MARS
|
| 999 |
f |
f |
|s b2867252-6c76-3252-897a-7aaed2805a7b
|i fe287acc-3701-3f3f-8f5e-7253c2d10d4a
|t 0
|
| 952 |
f |
f |
|p ric
|a Texas A&M University
|b Rellis Campus
|c Joint Library Facility
|d Remote Storage
|t 0
|e RC455.4.L53 S77 1989
|h Library of Congress classification
|i unmediated -- volume
|m A14812697535
|
| 998 |
f |
f |
|a RC455.4.L53 S77 1989
|t 0
|l Remote Storage
|